LEADER 01088nam a2200253 i 4500 001 000000168337 003 CaOOAMICUS 005 20080108000000.0 008 080108s1960 it u000 u ita u 013 $a145739 040 $aSeMil$bita 245 10$aAlmanacco della famiglia bustocca per l'anno 1960 /$c[presentazione di Luigi Belotti]. 260 $a[Busto Arsizio] :$bLa Famiglia Bustocca,$c1960. 300 $a187, [14] p. :$bill. ;$c21 cm. 500 $aFondo Card. Giovanni Colombo. 650 4$aBusto Arsizio - Folclore e tradizioni locali.$0(OLS)http://semarc/subject/5670 650 4$aBusto Arsizio - Almanacchi.$0(OLS)http://semarc/subject/17889 700 1 $aBelotti, Luigi.$0(OLS)http://semarc/name/43071 850 $aSeMil 852 $aSeMil$W1$xVenegono$y1$m3P I 164$j119422$B119422$CSeMilBibl$Z2$F143309 $81 941 1 $a3 961 $aLascito: Colombo Card. Giovanni 996 $6245$aAlmanacco della famiglia bustocca per l'anno 1960$9(OLS)http://semarc/title/240836 996 $6260$a[Busto Arsizio] :$bLa Famiglia Bustocca$9(OLS)http://semarc/publisher/44010 LEADER 00818nam a2200229 i 4500 001 000000173648 003 CaOOAMICUS 005 20080723000000.0 008 080723s1909 gw u000 u ger u 013 $a151101 040 $aSeMil$bita 100 1 $aHofmannsthal, Hugo : von <1874-1929>.$0(OLS)http://semarc/name/2394 245 10$a1 /$cHugo von Hofmannsthal. 250 $a2. Aufl. 260 $aLeipzig :$bInsel,$c1909. 300 $a128 p. ;$c21 cm. 773 0 $aHofmannsthal, Hugo : von <1874-1929>$tKleine Dramen.$dLeipzig : Insel, 1909.$g1$w()3073 850 $aSeMil 852 $aSeMil$W1$xVenegono$y1$m1W IV 183$j231963$B124493$CSeMilBibl$Z2$F135547 $81 961 $aRecupero: Altro 996 $6245$a1$9(OLS)http://semarc/title/46247 996 $6260$aLeipzig :$bInsel$9(OLS)http://semarc/publisher/31045